000 00401nam a2200157Ia 4500
008 230917s9999||||xx |||||||||||||| ||und||
040 _e49964
_aMAIN
041 _aEnglish
082 _a200.1 A37P
100 _aAbernethy, George L, ed.
245 0 _aPhilosophy of religion: A book of readings
250 _a2nd ed.
260 _aLondon
_bMacmillan
_c1968
300 _axvii, 586 p.
942 _cBK
999 _c201303
_d201303